000 00617nam a22001817a 4500
003 OSt
005 20251118113503.0
008 251118b |||||||| |||| 00| 0 eng d
020 _a 9789719925150
040 _aDWCL-Main lib
_cOC
100 _aValencia, Edwin G.
245 _aTransfer and business taxation :
_bprinciples and laws with accounting applications/
_cEdwin G. Valencia
260 _aBaguio City:
_bValencia educational supply,
_cc2013.
300 _a 622 pages :
_billustrations ;
_c22cm.
650 _a1. Inheritance and transfer tax
650 _a2. taxation
942 _2ddc
_cBK - FIL
_kFil.
_n0
999 _c5779
_d5779